Integrovaný manažérsky systém
Stručný popis noriem, ktoré môžeme vzájomne integrovať. Porovnanie noriem EN ISO 9001, EN ISO 14001 a OHSAS 18001. Dôvody integrácie systémov. Postup pri integrácii
Saved in:
| Main Author: | |
|---|---|
| Format: | Book Chapter |
| Language: | Slovak |
| Subjects: | |
| Tags: |
No Tags, Be the first to tag this record!
|
MARC
| LEADER | 00000naa$a2200000$$$4500 | ||
|---|---|---|---|
| 001 | 0094838 | ||
| 005 | 20231012070158.6 | ||
| 041 | 0 | |a slo | |
| 044 | |a SK | ||
| 245 | 1 | 0 | |a Integrovaný manažérsky systém |c Miroslav Gasper |
| 520 | |a Stručný popis noriem, ktoré môžeme vzájomne integrovať. Porovnanie noriem EN ISO 9001, EN ISO 14001 a OHSAS 18001. Dôvody integrácie systémov. Postup pri integrácii | ||
| 610 | 2 | 0 | |a riadenie |
| 610 | 2 | 0 | |a normy |
| 610 | 2 | 0 | |a firmy |
| 610 | 2 | 0 | |a manažéri |
| 100 | 1 | |a Gasper, Miroslav | |